| 000 | 00505nam a2200157Ia 4500 | ||
|---|---|---|---|
| 008 | 170221s9999 xx 000 0 und d | ||
| 100 | _aYuanyuan Yang | ||
| 245 | _aWireless Rechargeable Sensor Networks - Current Status and Future Trends | ||
| 245 | _cYuanyuan Yang, Cong Wang, and Ji Li | ||
| 260 | _bJournal of Communications | ||
| 260 | _c2012 | ||
| 300 | _a5 : 2 | ||
| 650 | _xCommunication | ||
| 650 | _xMedia Arts | ||
| 856 | _uhttp://www.jocm.us/index.php?m=content&c=index&a=lists&catid=151 | ||
| 999 |
_c309047 _d309047 |
||